000 00803nam a2200289Ia 4500
001 52479
005 20240114005307.0
007 ta
008 100809s2003 g b000 u 903 u
020 _a81-7754-134-X
040 _aCotton College,Assam
041 _a903
082 _a582
_bPr 884 Ha
100 _aPrajapati, Narayan Das .
245 0 _aA Handbook of Medicinal Plants /
_cNarayan Das Prajapati,S.S.Purohit,Arun K.Sharma & Others.
_hTextual Documents
250 _aIst ed. /
260 _aJodhpur :
_bAgrobios(India) ,
_c2003.
300 _a554pg ;
_c15cm.
653 _aBotant
653 _aMedicinal Plants
653 _aDeptt- Botany
700 _aPurohit,, S.S. .
700 _aSharma, Arun K. .
942 _2ddc
_cBK
999 _c52443
_d52443